Daily Capital City Riddle #145 - Statistics

General Stats
  • This quiz has been taken 33 times
  • The average score is 32 of 35
Answer Stats
Type Answer % Correct
Found Letter A
100%
Alphabet Letter B
100%
Alphabet Letter E
100%
Correctly Placed Letter N
100%
Found Letter N
100%
Found Letter O
100%
Alphabet Letter R
100%
Correctly Placed Letter A
96%
Alphabet Letter C
96%
Alphabet Letter D
96%
Alphabet Letter M
96%
Found Letter S
96%
Found Letter T
96%
Found Letter G
93%
Correctly Placed Letter I
93%
Found Letter I
93%
Alphabet Letter L
93%
Alphabet Letter H
89%
Correctly Placed Letter T
89%
Alphabet Letter U
89%
Alphabet Letter Y
89%
Correctly Placed Letter G
85%
Alphabet Letter J
85%
Alphabet Letter K
85%
Alphabet Letter P
85%
Alphabet Letter W
85%
Alphabet Letter X
85%
Correctly Placed Letter A
81%
Alphabet Letter F
81%
Alphabet Letter Q
81%
Correctly Placed Letter S
81%
Alphabet Letter V
81%
Alphabet Letter Z
81%
Correctly Placed Letter O
78%
Mystery Capital Santiago
78%
No matching quizzes found
Score Distribution
Percent of People with Each Score
Percentile by Number Answered
Your Score History
You have not taken this quiz